Top 20 aplicaciones más usadas - Estadísticas

Estadísticas generales
  • Esta prueba ha sido intentada 185 veces
  • La puntuación promedio es 9 de 20
Estadísticas de respuestas
Hint Respuesta % Correcto
5 Instagram
100%
1 Whatsapp
92%
3 Facebook
89%
6 Tiktok
89%
14 Twitter
89%
2 Youtube
78%
12 Spotify
57%
8 Telegram
54%
7 Amazon
45%
19 Netflix
45%
4 Gmail
41%
11 Shein
22%
9 Aliexpress
19%
20 Prime Video
16%
10 Wallapop
15%
13 Outlook
9%
18 BBVA
4%
17 CaixaBank
3%
15 Carrefour
2%
16 Lidl Plus
1%
No se encontraron pruebas coincidentes
Distribución de puntuación
Porcentaje de gente con cada puntuación
Porcentaje por número respondido
Historial de tus puntuaciones
No has intentado esta prueba.